On geometry-based statistical channel models for Mimo wireless communications Guzmán Arenas, Adolfo

La investigación propone un modelo basado en geometría con enfoque en grupos (clusters) y es utilizado para el análisis en los dominios del espacio y el tiempo para condiciones estacionarias y para representar los perfiles de potencia-angulo-estado (power delay Angle profiles PDAPs) de los compon...

Full description

Bibliographic Details
Main Author: Arias Olivas, Marvin
Other Authors: Tutor: Guzmán Arenas, Adolfo
Format: Tesis Section = Libro
Language:Undetermined
Spanish
Published: Managua Instituto Politécnico Nacional 2008
Subjects:
LEADER 01193nam a2200253Ia 4500
008 240830s9999 xx 000 0 und d
040 |a BIBLIOTECA-RUSB/ D.Mon 003.3 A696 
041 |a spa 
082 |a D.Mon 003.3 A696 
100 1 |a Arias Olivas, Marvin 
245 1 0 |a On geometry-based statistical channel models for Mimo wireless communications Guzmán Arenas, Adolfo 
260 |a Managua  |b Instituto Politécnico Nacional  |c 2008 
300 |a 147 p. :il. 
500 |a Contiene: apéndice 
502 |a Tesis (Doctoral in Chemical Engineering) - UNI, 2022. 
520 3 |a La investigación propone un modelo basado en geometría con enfoque en grupos (clusters) y es utilizado para el análisis en los dominios del espacio y el tiempo para condiciones estacionarias y para representar los perfiles de potencia-angulo-estado (power delay Angle profiles PDAPs) de los componentes multi-trayectoria en ambientes urbanos. 
650 7 |a SISTEMAS DE COMUNICACION MIMO 
650 7 |b  COMUNICACIONES INALAMBRICAS MIMO 
650 7 |c  SIMULACION 
650 7 |d SISTEMAS DE COMUNICACIONES MOVILES  
700 1 |a Tutor:  |b Guzmán Arenas, Adolfo 
942 |c BK  |2 ddc 
991 |a TESIS 
999 |c 22317